00590 2200229 4500001002100000005001500021035002000036008004100056245005800097100001400155250001000169260003700179300002800216020002200244084002000266082001400286650002000300990001000320990001000330990001000340990001000350INLIS00000000001203420260424111333 a0010-0426000005260424 g 1 ind 1 aSeorang laki-laki yang keluar dari rumah /cPuthut Ea aPuthut Ea aCet.2 aYogyakarta :bMojok Group,c2019 avi, 324 hlm ;c14x21 cm a978-623-7284-16-1 a899.221 3 PUT s a899.221 3 4aFiksi Indonesia a58211 a58212 a58213 a58214